<?xml version="1.0" encoding="UTF-8"?><?xml-stylesheet type="text/xsl" href="static/style.xsl"?><OAI-PMH xmlns="http://www.openarchives.org/OAI/2.0/" xmlns:xsi="http://www.w3.org/2001/XMLSchema-instance" xsi:schemaLocation="http://www.openarchives.org/OAI/2.0/ http://www.openarchives.org/OAI/2.0/OAI-PMH.xsd"><responseDate>2026-06-04T21:20:29Z</responseDate><request verb="GetRecord" identifier="oai:riubu.ubu.es:10259/5903" metadataPrefix="marc">https://riubu.ubu.es/oai/request</request><GetRecord><record><header><identifier>oai:riubu.ubu.es:10259/5903</identifier><datestamp>2021-11-03T23:01:43Z</datestamp><setSpec>com_10259_2699</setSpec><setSpec>col_10259_2709</setSpec></header><metadata><record xmlns="http://www.loc.gov/MARC21/slim" xmlns:doc="http://www.lyncode.com/xoai" xmlns:xsi="http://www.w3.org/2001/XMLSchema-instance" xmlns:dcterms="http://purl.org/dc/terms/" xsi:schemaLocation="http://www.loc.gov/MARC21/slim http://www.loc.gov/standards/marcxml/schema/MARC21slim.xsd">
<leader>00925njm 22002777a 4500</leader>
<datafield tag="042" ind1=" " ind2=" ">
<subfield code="a">dc</subfield>
</datafield>
<datafield tag="720" ind1=" " ind2=" ">
<subfield code="a">Rodríguez Cachón, Teresa</subfield>
<subfield code="e">author</subfield>
</datafield>
<datafield tag="260" ind1=" " ind2=" ">
<subfield code="c">2018</subfield>
</datafield>
<datafield tag="520" ind1=" " ind2=" ">
<subfield code="a">El trabajo que se presenta en calidad de memoria de tesis doctoral es un estudio del régimen legal propio de los contratos celebrados entre operadores estructuralmente independientes pertenecientes a la cadena alimentaria en España. Partiendo del imprescindible análisis del contexto en el que tal régimen legal trae causa, desde un punto de vista tanto doctrinal como ligado al Derecho comunitario, el objetivo final descansa en ofrecer propuestas de política legislativa que contribuyan al mejor funcionamiento de la cadena alimentaria, propuestas basadas en un sólido análisis de la naturaleza y estructura de la misma y fundamentado en argumentos que reflejan las características propias del razonamiento económico.</subfield>
</datafield>
<datafield tag="520" ind1=" " ind2=" ">
<subfield code="a">The work presented here, in the form of a doctoral dissertation, is a study on the contractual relations between structurally independent operators within the Spanish food supply chain. Starting with a necessary analysis of the context which this legal regime brings into being, from both a doctrinal and Community law perspective, the objective of this work lies in proposing legislative policies that could contribute to the better functioning of the food supply chain. Such policies should be based on a solid analysis of the nature and structure of such chain, through arguments that reflect the characteristics of economic rationale.</subfield>
</datafield>
<datafield tag="024" ind2=" " ind1="8">
<subfield code="a">http://hdl.handle.net/10259/5903</subfield>
</datafield>
<datafield tag="024" ind2=" " ind1="8">
<subfield code="a">10.36443/10259/5903</subfield>
</datafield>
<datafield ind1=" " ind2=" " tag="653">
<subfield code="a">Cadena alimentaria</subfield>
</datafield>
<datafield ind1=" " ind2=" " tag="653">
<subfield code="a">Contrato alimentario</subfield>
</datafield>
<datafield ind1=" " ind2=" " tag="653">
<subfield code="a">Costes de transacción</subfield>
</datafield>
<datafield ind1=" " ind2=" " tag="653">
<subfield code="a">Análisis económico del derecho</subfield>
</datafield>
<datafield ind1=" " ind2=" " tag="653">
<subfield code="a">Relaciones contractuales</subfield>
</datafield>
<datafield ind1=" " ind2=" " tag="653">
<subfield code="a">Food supply chain</subfield>
</datafield>
<datafield ind1=" " ind2=" " tag="653">
<subfield code="a">Food procurement contract</subfield>
</datafield>
<datafield ind1=" " ind2=" " tag="653">
<subfield code="a">Transaction costs</subfield>
</datafield>
<datafield ind1=" " ind2=" " tag="653">
<subfield code="a">Economic analysis of Law</subfield>
</datafield>
<datafield ind1=" " ind2=" " tag="653">
<subfield code="a">Contractual relationships</subfield>
</datafield>
<datafield tag="245" ind1="0" ind2="0">
<subfield code="a">Estudio de las relaciones contractuales de la cadena alimentaria española desde la perspectiva del análisis económico del derecho</subfield>
</datafield>
</record></metadata></record></GetRecord></OAI-PMH>